Państwa najbliżej kontynentalnej Wielkiej Brytanii A-Z - Statystyki

Ogólne statystyki
  • Ten quiz został rozwiązany 5 484 razy
  • Średni wynik to 18 z 24
Statystyki odpowiedzi
Litera Państwo % Poprawnych
F Francja
95%
B Belgia
94%
I Irlandia
94%
H Holandia
90%
P Polska
90%
Ł Łotwa
88%
N Norwegia
88%
O Oman
84%
E Estonia
83%
D Dania
82%
R Rosja
81%
L Luksemburg
79%
C Czechy
77%
G Grecja
74%
S Szwajcaria
70%
V Vanuatu
70%
W Włochy
70%
A Austria
68%
U Ukraina
64%
M Monako
62%
J Jordania
59%
K Kosowo
54%
T Tunezja
54%
Z Zjednoczone Emiraty Arabskie
50%
Nie znaleziono quizów pasujących do podanych kryteriów
Rozkład punktacji
Procent ludzi z każdym wynikiem
Percentyl według liczby udzielonych odpowiedzi
Twoja historia wyników
Nie rozwiązałeś tego quizu